01019nam a2200265Ka 450000100060000000300080000600500170001400800410003103500190007204000270009104100080011808200250012611000620015124500830021326000740029630000380037049000280040865000340043683000210047070000310049183000770052294200120059999900170061195201250062834900BD-RjUL20211209052228.0140519s1954 pk s 000 0 eng d a(BD-RjUL)34994 aORUcORUdBD-RjULbeng aeng00a311.395471bBOS 19542 aBoard of Economic Inquiry, West Pakistan, Lahore.910624710aStatistical abstract of the Punjab, 1947 to 1953 /cGeneral editor, M. Hassan. aPunjab :bBoard of Economic Inquiry, Punjab (Pakistan) Lahore,c1954. a258 p. (chiefly tables) ;c25 cm.1 aPublication ;vno. 107. 0aStatisticsxPakistan.9106248 0vno. 107.91062521 aHassan, M.,cProf.9106250 0aPublication (Board of Economic Inquiry, West Pakistan, Lahore) ;9106253 2ddccBK c34900d34900 00102ddc40708NFICaRUCLbRUCLcReadingd2014-05-19l0o311.395471 BOS 1954r2014-05-19 00:00:00tC-1w2014-05-19yBK